| 000 | 00572nam a22001697a 4500 | ||
|---|---|---|---|
| 010 | _aENG-144879 | ||
| 020 |
_a9788188503391 _c1195.00 |
||
| 035 | _aEN-128411 | ||
| 037 | _bDBAD | ||
| 082 | _a338.90014 | ||
| 100 |
_aBatra Sandeep _981222 |
||
| 245 |
_aDemocratization of Communication _cSandeep Batra |
||
| 260 |
_c2017 _a Delhi _bPratibha Book Distributors |
||
| 270 |
_b Delhi _a821-B,Guru Ramdas Nagar Ext. Gurudwara Road,Laxmi Nagar _e110092 _mpratibhabookdistributors@gmail.com |
||
| 300 |
_a272p. _c22cm(HB) |
||
| 942 |
_2ddc _cEN _h338.90014 _mBAT |
||
| 999 |
_c211304 _d211304 |
||